ALL Oscar-Winning Animated Movies - Statistics

General Stats
  • This quiz has been taken 162 times
    18 since last reset
  • The average score is 18 of 38
Answer Stats
Year Category Movie % Correct
1995 Special Achievement Award Toy Story
87%
2003 Best Animated Feature Finding Nemo
80%
2017 Best Animated Feature Best Original Song Coco
73%
1994 Best Original Score Best Original Song The Lion King
67%
2010 Best Animated Feature Best Original Song Toy Story 3
67%
2019 Best Animated Feature Toy Story 4
67%
2021 Best Animated Feature Encanto
60%
2013 Best Animated Feature Best Original Song Frozen
60%
2001 Best Animated Feature Shrek
60%
1937 Honorary Award Snow White and the Seven Dwarfs
60%
2009 Best Animated Feature Best Original Score Up
60%
1992 Best Original Score Best Original Song Aladdin
53%
1991 Best Original Score Best Original Song Beauty and the Beast
53%
2015 Best Animated Feature Inside Out
53%
2001 Best Original Song Monsters, Inc.
53%
2008 Best Animated Feature WALL-E
53%
2016 Best Animated Feature Zootopia
47%
2022 Best Animated Feature Guillermo del Toro's Pinocchio
47%
2025 Best Animated Feature Best Original Song KPop Demon Hunters
47%
1940 Best Original Score Best Original Song Pinocchio
47%
1995 Best Original Score Best Original Song Pocahontas
47%
2007 Best Animated Feature Ratatouille
47%
2018 Best Animated Feature Spider-Man: Into the Spider-Verse
47%
1999 Best Original Song Tarzan
47%
2004 Best Animated Feature Best Sound Editing The Incredibles
47%
2012 Best Animated Feature Brave
40%
1940 Honorary Award Fantasia
40%
2024 Best Animated Feature Flow
40%
2020 Best Animated Feature Best Original Score Soul
40%
2002 Best Animated Feature Spirited Away
40%
1989 Best Original Score Best Original Song The Little Mermaid
40%
2023 Best Animated feature The Boy and the Heron
33%
1941 Best Original Score Dumbo
27%
2006 Best Animated Feature Happy Feet
20%
2011 Best Animated Feature Rango
20%
1998 Best Original Song The Prince of Egypt
20%
2005 Best Animated Feature Wallace & Gromit: The Curse of the Were-Rabbit
20%
2014 Best Animated Feature Big Hero 6
13%
No matching quizzes found
Score Distribution
Percent of People with Each Score
Percentile by Number Answered
Your Score History
You have not taken this quiz since the last reset